000 00315nam a2200109 a 4500
005 20201002033702.0
008 130716s1930 000 spa d
100 _aRussell, Bertrand
_945737
245 0 _aVieja y nueva moral sexual.
260 _aMadrid, España -- edit. españa,
_c1930 -- 300 pag.
999 _c39188
_d39188
040 _aDO-SdBNP